000 01011nam a22003377a 4500
001 BR0809587
003 BR-BrBNA
005 20230928102835.0
007 ta
008 230509b bl.||||| |||| 00| 0 por d
040 _aBR-BrBNA
_bpor
_cBiblioteca Nacional de Agricultura
041 _a(Por)
072 _aF30; H20
_b0210
_b1850
_b4120
090 _ 0210 BR0809587
100 1 _aOliveira, M. da S.
110 1 _aUniversidade Federal de Lavras, MG (Brasil)
_0Tese (Douorado)
245 1 _aDiversidade entre isolados de Alternaria solani: avaliação morfológica, fisiológica e molecular
260 3 _aLavras, MG (Brasil):
_c2007.
300 _a99 p.
500 _aSummaries (Eng, Por); Several bibliography; 5 illus.
650 _aBATATA
650 _aTOMATE
650 _aALTERNARIA SOLANI
650 _aPINTA PRETA
650 _aFUNGO
650 _aBIOLOGIA
650 _aVARIEDADE RESISTENTE
650 _aVARIAÇÃO GENÉTICA
909 _a202309
_bLucia
_c55
_dLucia Elande
942 _cBK
999 _c72657
_d72657